College Mathematics for Business, Economics, Life Sciences and Social Sciences (Record no. 8449)

MARC details
000 -LEADER
fixed length control field 00748nam a2200265 a 4500
003 - CONTROL NUMBER IDENTIFIER
control field PK-NaQUE
005 - DATE AND TIME OF LATEST TRANSACTION
control field 20250131104121.0
008 - FIXED-LENGTH DATA ELEMENTS--GENERAL INFORMATION
fixed length control field 250131b ||||| |||| 00| 0 eng d
020 ## - INTERNATIONAL STANDARD BOOK NUMBER
International Standard Book Number 0321614003 (hardcover)
020 ## - INTERNATIONAL STANDARD BOOK NUMBER
International Standard Book Number 9780321614001 (hardcover)
040 ## - CATALOGING SOURCE
Transcribing agency QUEST
100 1# - MAIN ENTRY--PERSONAL NAME
Personal name Barnett, Raymond A.
245 10 - TITLE STATEMENT
Title College Mathematics for Business, Economics, Life Sciences and Social Sciences
250 ## - EDITION STATEMENT
Edition statement .
-- [S.
260 ## - PUBLICATION, DISTRIBUTION, ETC. (IMPRINT)
Name of publisher, distributor, etc Pearson,
Date of publication, distribution, etc 1996.
Place of publication, distribution, etc 103
300 ## - PHYSICAL DESCRIPTION
Extent 12t
490 ## - SERIES STATEMENT
Series statement Thi
650 ## - SUBJECT ADDED ENTRY--TOPICAL TERM
Topical term or geographic name as entry element Mathematics.
650 ## - SUBJECT ADDED ENTRY--TOPICAL TERM
Topical term or geographic name as entry element Social sciences--Mathematics.
650 ## - SUBJECT ADDED ENTRY--TOPICAL TERM
Topical term or geographic name as entry element Biomathematics.
700 ## - ADDED ENTRY--PERSONAL NAME
Personal name Ziegler, Mich
700 ## - ADDED ENTRY--PERSONAL NAME
Personal name Byleen, K
856 ## - ELECTRONIC LOCATION AND ACCESS
Uniform Resource Identifier <a href="http://10.10.170.122:8080/browse/book/26391">http://10.10.170.122:8080/browse/book/26391</a>
Link text eBook
942 ## - ADDED ENTRY ELEMENTS (KOHA)
Koha item type Books
Source of classification or shelving scheme Dewey Decimal Classification
Holdings
Withdrawn status Lost status Damaged status Not for loan Home library Current library Date acquired Total Checkouts Full call number Barcode Date last seen Price effective from Koha item type
        Central Library, QUEST, Nawabshah Central Library, QUEST, Nawabshah 04/08/2014   510BAR 23355 04/08/2014 04/08/2014 Books